The challenge of His call , (Record no. 8747)

MARC details
000 -LEADER
fixed length control field 00571nam a22002057a 4500
003 - CONTROL NUMBER IDENTIFIER
control field GBCCL
005 - DATE AND TIME OF LATEST TRANSACTION
control field 20241126110657.0
008 - FIXED-LENGTH DATA ELEMENTS--GENERAL INFORMATION
fixed length control field 210927b ||||| |||| 00| 0 eng d
020 ## - INTERNATIONAL STANDARD BOOK NUMBER
International Standard Book Number 0927022222
020 ## - INTERNATIONAL STANDARD BOOK NUMBER
International Standard Book Number 9780927022224
040 ## - CATALOGING SOURCE
Transcribing agency gbc
082 ## - DEWEY DECIMAL CLASSIFICATION NUMBER
Classification number 920
Item number JON
100 ## - MAIN ENTRY--PERSONAL NAME
Personal name Jones, Larry W.
9 (RLIN) 15427
245 ## - TITLE STATEMENT
Title The challenge of His call ,
Statement of responsibility, etc. Larry W. Jones.
250 ## - EDITION STATEMENT
Edition statement Revised ed.
260 ## - PUBLICATION, DISTRIBUTION, ETC.
Place of publication, distribution, etc. Middleton, Idaho :
Name of publisher, distributor, etc. CHJ Pub.,
Date of publication, distribution, etc. ©1996., 1999
300 ## - PHYSICAL DESCRIPTION
Extent 191 pages ; 23 cm
650 ## - SUBJECT ADDED ENTRY--TOPICAL TERM
Topical term or geographic name entry element Hunting
Form subdivision Religious aspects
General subdivision Christianity.
9 (RLIN) 15428
942 ## - ADDED ENTRY ELEMENTS (KOHA)
Source of classification or shelving scheme Dewey Decimal Classification
Koha item type Books
Holdings
Withdrawn status Lost status Source of classification or shelving scheme Damaged status Not for loan Home library Current Library Shelving location Date acquired Total checkouts Full call number Barcode Date last seen Copy number Price effective from Koha item type
    Dewey Decimal Classification     GRACE BIBLE COLLEGE GRACE BIBLE COLLEGE General Studies 2021-09-27   920 JON 004835 2025-05-01 c.1 2021-09-27 Books
© Grace Bible College Library 2025